000
00277nam a2200121Ia 4500
008
190216s9999||||xx |||||||||||||| ||und||
100
_a
Sarah Bartlett
245
4
_a
The Five Keys Of Feng Shui
260
_b
Orion
_c
1998
300
_a
250
650
_a
References
942
_c
REF
999
_c
36941
_d
36941